LIBRARY & INFORMATION CENTRE, KCAET, TAVANUR

ONLINE PUBLIC ACCESS CATALOGUE (OPAC)

Maavum maangayum / (Record no. 6238)

MARC details
000 -LEADER
fixed length control field 00739cam a2200313ua 4500
041 ## - LANGUAGE CODE
Language code of text/sound track or separate title mal
082 ## - DEWEY DECIMAL CLASSIFICATION NUMBER
Classification number 634.44
Item number KAN/MA
100 ## - MAIN ENTRY--AUTHOR NAME
Personal name Kannan, .
245 ## - TITLE STATEMENT
Title Maavum maangayum /
250 ## - EDITION STATEMENT
Edition statement 1 /
260 ## - PUBLICATION, DISTRIBUTION, ETC. (IMPRINT)
Place of publication Thiruvananthapuram :
Name of publisher State Instititute of Languages ,
Year of publication 1973.
300 ## - PHYSICAL DESCRIPTION
Number of Pages 334 ; .
942 ## - ADDED ENTRY ELEMENTS (KOHA)
Koha item type Books
Holdings
Withdrawn status Lost status Damaged status Home library Current library Date acquired Full call number Accession Number Koha item type
      KAUAET KAUAET 07/04/2012 634.44 14413 Books
      KAUAET KAUAET 07/04/2012 634.44 14418 Books
      KAUAET KAUAET 07/04/2012 634.44 14412 Books
      KAUAET KAUAET 07/04/2012 634.44 14419 Books
      KAUAET KAUAET 07/04/2012 634.44 14415 Books
      KAUAET KAUAET 07/04/2012 634.44 14417 Books
      KAUAET KAUAET 07/04/2012 634.44 14411 Books
      KAUAET KAUAET 07/04/2012 634.44 14416 Books
      KAUAET KAUAET 07/04/2012 634.44 14414 Books
      KAUAET KAUAET 07/04/2012 634.44 13558 Books
      KAUAET KAUAET 07/04/2012 634.44 14410 Books
Withdrawn     KAUAET KAUAET 07/04/2012 634.44 13559 Books
free website counter